000 00324 a2200097 4500
245 0 0 _aTaśmy dziurkowane - Nazwy i określenia PN-74/T-42102 /
_cMin. Przem. Maszynowego.
246 1 3 _aPN-74/T-42102
246 1 3 _a676.816.5:681.327.42:001,4
260 _aWarszawa :
_bMin. Przem. Maszynowego,
_c1974.
300 _a2 stron ;
_c30 cm.
650 _aPolska norma
999 _c21500
_d21500